Cooperación municipal para el desarrollo /

Guardado en:
書目詳細資料
主要作者: Cuerda, José Angel
格式: Texto
主題:
標簽: 添加標簽
沒有標簽, 成為第一個標記此記錄!

MARC

LEADER 00000 a a2200000 04500
001 18659
003
040
100 |a Cuerda, José Angel  
245 |a Cooperación municipal para el desarrollo /  |c José Angel Cuerda  
650 |a EXCLUSION SOCIAL  
650 |a DESARROLLO SOSTENIBLE  
650 |a COOPERACION INTERNACIONAL  
773 |g número 31; páginas 33-39  
999 |c 19779  |d 19779